000 00575nam a2200217Ia 4500
005 20241129105800.0
008 241129s9999||||xx |||||||||||||| ||und||
020 _a978-93-87306-16-5
037 _aTB
040 _aARTS
_beng
_cARTS
041 _aeng
_2eng
084 _aQ23 R0
_qARTS
100 _aYadav D. N. Au.
_9724718
245 0 _aOrigin of Siva cult
_cYadav D. N. Au.
260 _aVaranasi, India
_bPrachya Vidya Bhawan
_c2022
300 _axi,272p.
365 _aINR
_b1300
650 _aReligion
942 _cTB
_hQ23 R0
999 _c1225913
_d1225913